000 00857nam a22001937a 4500
003 OSt
005 20170424141018.0
008 150407b xxu||||| |||| 00| 0 eng d
040 _cCRI
082 _a370.154
100 _941088
_aCastellanos de Ángel, Joaquina Leonsa
245 1 0 _aCómo mejorar la calidad educativa en el Instituto Católico "Karol Wojtyla" desde la práctica administrativa
_b: Investigación
_cJoaquina Leonsa Castellanos de Ángel
260 _aIlobasco (Cabañas)
_bUniversidad Católica de El Salvador
_c2015
300 _a36 p.
_c27 cm
_e+ 1 disco compacto
502 _aTrabajo de graduación para optar al grado académico de Maestro/a en asesoría educativa
650 0 _99848
_aMotivación en educación
710 _940915
_aUniversidad Católica de El Salvador
_bCentro Regional de Ilobasco
942 _2ddc
_cTG
_hprozim
999 _c27575
_d27575